Color Category Cramming Quiz Stats

Quiz Updated May 12, 2013

Challenge
Share
Tweet
Embed
Score 0/41 Timer 01:30
0 Plays Today
Category Color % Correct
Original Gay Pride FlagIndigo/Blue
99.7%
Crayola Box of 8Red
99.7%
Rainbow ColorsRed
99.7%
Crayola Box of 8Blue
99.7%
Rainbow ColorsBlue
99.7%
Original Gay Pride FlagRed
99.7%
Olympic FlagBlue
99.7%
Olympic FlagRed
99.7%
Trivial Pursuit WedgesBlue
99.7%
Crayola Box of 8Green
99.6%
Rainbow ColorsGreen
99.6%
Original Gay Pride FlagGreen
99.6%
Olympic FlagGreen
99.6%
Trivial Pursuit WedgesGreen
99.6%
Cluedo Characters(Mr./Rev.) Green
99.6%
Crayola Box of 8Yellow
99.5%
Rainbow ColorsYellow
99.5%
Original Gay Pride FlagYellow
99.5%
Olympic FlagYellow
99.5%
Trivial Pursuit WedgesYellow
99.5%
Crayola Box of 8Orange
99.3%
Category Color % Correct
Rainbow ColorsOrange
99.3%
Original Gay Pride FlagOrange
99.3%
Trivial Pursuit WedgesOrange
99.3%
Crayola Box of 8Black
99.3%
Olympic FlagBlack
99.3%
Cluedo Characters(Dr.) Black
99.3%
Cluedo Characters(Mrs.) White
97.4%
Olympic FlagWhite
97.4%
Crayola Box of 8Brown
97.2%
Trivial Pursuit WedgesBrown
97.2%
Original Gay Pride FlagHot Pink
96.9%
Trivial Pursuit WedgesPink
96.8%
Crayola Box of 8Violet
93.8%
Rainbow ColorsViolet
93.8%
Original Gay Pride FlagViolet
93.8%
Rainbow ColorsIndigo
87.2%
Cluedo Characters(Col.) Mustard
72.7%
Cluedo Characters(Miss) Scarlet
65.8%
Cluedo Characters(Prof.) Plum
64%
Original Gay Pride FlagTurquoise
47.4%

You're not logged in!

Compare scores with friends on all Sporcle quizzes.
Sign Up with Email
OR
Log In

You Might Also Like...

Show Comments

Extras

Top Quizzes Today


Score Distribution

Your Account Isn't Verified!

In order to create a playlist on Sporcle, you need to verify the email address you used during registration. Go to your Sporcle Settings to finish the process.